Les films d'Henri Verneuil (en images) - Statistiques

Statistiques générales
  • Ce quiz a été pris 40 fois
  • Le résultat moyen est 7 sur 16
Statistiques - réponses
Par images Réponse % Correct
La Vache et le Prisonnier
85%
Le Clan des Siciliens
71%
Peur sur la ville
68%
Le Président
65%
Les Morfalous
59%
Cent mille dollars au soleil
50%
I… comme Icare
47%
Un singe en hiver
44%
Week-end à Zuydcoote
44%
Mélodie en sous-sol
41%
Le corps de mon ennemi
29%
Mille milliards de dollars
26%
Mayrig
21%
588, rue Paradis
15%
Le Boulanger de Valorgue
12%
L'ennemi public numéro un
12%
Aucun quiz correspondant
Distribution des résultats
% des personnes avec chaque résultat
Percentile par nombre de réponses
Votre historique - résultats
Vous n’avez pas pris ce quiz